Vainqueurs de La Liga - Mort subite - Statistiques

Statistiques générales
  • Ce quiz a été pris 823 fois
  • Le résultat moyen est 5 sur 9
Answers on the Grid
Answers color-coded by a green-red scale on the quiz's grid according to % correct below.
Real Madrid
FC Barcelone
Atlético de Madrid
Athletic Bilbao
Valence CF
Real Sociedad
Real Betis
Séville FC
Deportivo La Corogne
Girona FC
Villarreal CF
Deportivo Alavés
CA Osasuna
Getafe CF
Celta de Vigo
RCD Majorque
UD Las Palmas
Rayo Vallecano
CD Leganés
Real Valladolid
Espanyol de Barcelone
Cadix CF
UD Almería
SD Eibar
Sporting de Gijón
Racing de Santander
Levante UD
Elche CF
SD Huesca
Málaga CF
 
Statistiques - réponses
Réponse % Correct
FC Barcelone
82%
Real Madrid
81%
Atlético de Madrid
76%
Séville FC
61%
Athletic Bilbao
58%
Valence CF
56%
Real Sociedad
42%
Deportivo La Corogne
41%
Real Betis
31%
Aucun quiz correspondant
Distribution des résultats
% des personnes avec chaque résultat
Percentile par nombre de réponses
Votre historique - résultats
Vous n’avez pas pris ce quiz